[Event "Tata Steel India Rapid"]
[Site "Kolkata IND"]
[Date "2021.11.18"]
[Round "6.3"]
[White "Vaishali, R"]
[Black "Adhiban, Baskaran"]
[Result "1/2-1/2"]
[WhiteTitle "WGM"]
[BlackTitle "GM"]
[WhiteElo "2405"]
[BlackElo "2672"]
[WhiteFideId "5091756"]
[BlackFideId "5018471"]
[EventDate "2021.11.17"]

1. e4 e5 2. Nf3 Nc6 3. Bb5 a6 4. Ba4 Nf6 5. O-O Be7 6. d3 d6 7. c3 O-O 8. Re1
Nd7 9. Nbd2 Nb6 10. Bb3 a5 11. d4 a4 12. Bc2 Bf6 13. Nf1 Bg4 14. d5 Nb8 15. h3
Bxf3 16. Qxf3 Bg5 17. Bxg5 Qxg5 18. b4 axb3 19. axb3 N8d7 20. Ne3 g6 21. b4 h5
22. g3 h4 23. Qg4 Qxg4 24. hxg4 hxg3 25. f3 Kg7 26. Kg2 Kf6 27. Kxg3 Kg5 28. Ra5
Rxa5 29. bxa5 Nc8 30. Rh1 Nc5 31. Rh7 Na7 32. c4 Nc8 33. Nd1 b6 34. a6 Nxa6 35.
Nc3 Nb4 36. Rh2 c5 37. Nb5 Kf6 38. Ba4 Nd3 39. Nc7 Nf4 40. Kf2 Ke7 41. Ke3 Kd8
42. Na8 Ke7 43. Nc7 Na7 44. Ra2 Rc8 45. Ne8 g5 46. Ng7 Kd8 47. Nf5 Kc7 48. Rh2
Ra8 49. Rh7 Nc8 50. Rxf7+ Kb8 51. Bc6 Ra2 52. Rb7+ Ka8 53. Rc7+ Kb8 54. Rb7+ Ka8
55. Rc7+ 1/2-1/2

[Event "Tata Steel India Rapid"]
[Site "Kolkata IND"]
[Date "2021.11.18"]
[Round "6.4"]
[White "Le, Quang Liem"]
[Black "Maghsoodloo, Parham"]
[Result "0-1"]
[WhiteTitle "GM"]
[BlackTitle "GM"]
[WhiteElo "2709"]
[BlackElo "2706"]
[WhiteFideId "12401137"]
[BlackFideId "12539929"]
[EventDate "2021.11.17"]

1. d4 d5 2. c4 e6 3. Nc3 Bb4 4. a3 Bxc3+ 5. bxc3 Nf6 6. e3 c6 7. a4 O-O 8. Nf3
Qc7 9. Ba3 Re8 10. Rc1 Nbd7 11. Be2 a6 12. cxd5 exd5 13. c4 Qa5+ 14. Kf1 b5 15.
c5 b4 16. Bb2 Qc7 17. Nd2 Ne4 18. Nb3 a5 19. f3 Ng5 20. Qd2 h6 21. Bd3 Ba6 22.
Bxa6 Rxa6 23. Re1 Nf6 24. Bc1 Raa8 25. Qd3 Re6 26. Ke2 Qd7 27. Kd1 Ree8 28. Kc2
h5 29. Bd2 h4 30. Rhf1 Qe6 31. Kb2 Nfh7 32. Nc1 f5 33. Ne2 Qf7 34. g3 hxg3 35.
Nxg3 Rf8 36. h4 Ne6 37. Rg1 Kh8 38. Ne2 Rae8 39. Nf4 Nxf4 40. exf4 Qh5 41. Re5
Qxh4 42. Kc2 Kg8 43. Rg6 Nf6 44. Qxf5 Qh7 45. Qg5 Rf7 46. f5 Ref8 47. Re6 Ne8
48. Qg4 Qh2 49. Rh6 b3+ 50. Kc3 Qf2 51. Rh3 b2 52. Re1 Qxe1 53. Bxe1 b1=Q 54.
Qh4 Rxf5 0-1

[Event "Tata Steel India Rapid"]
[Site "Kolkata IND"]
[Date "2021.11.18"]
[Round "6.5"]
[White "Praggnanandhaa, R"]
[Black "Aronian, Levon"]
[Result "1/2-1/2"]
[WhiteTitle "GM"]
[BlackTitle "GM"]
[WhiteElo "2610"]
[BlackElo "2782"]
[WhiteFideId "25059530"]
[BlackFideId "13300474"]
[EventDate "2021.11.17"]

1. d4 d5 2. c4 dxc4 3. e4 e5 4. Nf3 exd4 5. Bxc4 Nc6 6. O-O Be6 7. Bxe6 fxe6 8.
Qb3 Qd7 9. Qxb7 Rb8 10. Qa6 Nge7 11. Bd2 h6 12. Na3 g5 13. Rac1 Bg7 14. Rfd1 O-O
15. Nc4 Ng6 16. Ne1 Nce5 17. Nxe5 Nxe5 18. b3 Qd6 19. Qxd6 cxd6 20. Ba5 Rbc8 21.
Bc7 d3 22. Ba5 Rxc1 23. Rxc1 g4 24. Rd1 Rf4 25. Nxd3 Rxe4 26. Kf1 Rd4 27. Ke2
Re4+ 28. Kf1 Rd4 29. Ke2 Re4+ 1/2-1/2

[Event "Tata Steel India Rapid"]
[Site "Kolkata IND"]
[Date "2021.11.19"]
[Round "7.1"]
[White "Vidit, Santosh Gujrathi"]
[Black "Vaishali, R"]
[Result "1-0"]
[WhiteTitle "GM"]
[BlackTitle "WGM"]
[WhiteElo "2727"]
[BlackElo "2405"]
[WhiteFideId "5029465"]
[BlackFideId "5091756"]
[EventDate "2021.11.17"]

1. Nf3 Nf6 2. c4 c5 3. Nc3 e6 4. e3 d5 5. cxd5 exd5 6. d4 Nc6 7. Bb5 Bd6 8. dxc5
Bxc5 9. O-O O-O 10. h3 Bb6 11. Na4 Bc7 12. b3 Re8 13. Bb2 Ne4 14. Nc3 Nxc3 15.
Bxc3 Qd6 16. Re1 Bf5 17. Bd3 Be4 18. Bxe4 dxe4 19. Qxd6 Bxd6 20. Nd4 Rac8 21.
Nf5 Bf8 22. Red1 Rcd8 23. Rxd8 Rxd8 24. Ng3 Rd3 25. Be1 g6 26. Nxe4 f5 27. Ng5
Ba3 28. Kf1 h6 29. Nf3 Kf7 30. Ke2 Rd5 31. Rd1 Rxd1 32. Kxd1 g5 33. g4 Kg6 34.
Ke2 h5 35. gxh5+ Kxh5 36. Bc3 Be7 37. Kd3 Kg6 38. Kc4 g4 39. hxg4 fxg4 40. Ne5+
Kf5 41. Kd5 Bh4 42. e4+ Kg5 43. Bd2+ Kh5 44. Nd3 g3 45. fxg3 Bxg3 46. Nc5 Nd8
47. e5 Kg6 48. e6 Nc6 49. Nxb7 Ne7+ 50. Ke4 Kf6 51. Nc5 Bd6 52. Bc3+ Kg6 53. Nd3
Ba3 54. Nf4+ Kg5 55. Nd5 Nc8 56. Be5 a6 57. Nc7 a5 58. Bc3 Nd6+ 59. Kd5 Nb7 60.
Kc6 1-0

[Event "Tata Steel India Rapid"]
[Site "Kolkata IND"]
[Date "2021.11.19"]
[Round "7.2"]
[White "Aronian, Levon"]
[Black "Karthikeyan, Murali"]
[Result "1/2-1/2"]
[WhiteTitle "GM"]
[BlackTitle "GM"]
[WhiteElo "2782"]
[BlackElo "2630"]
[WhiteFideId "13300474"]
[BlackFideId "5074452"]
[EventDate "2021.11.17"]

1. e4 e5 2. Nf3 Nc6 3. Bb5 a6 4. Ba4 Nf6 5. O-O d6 6. c3 Bd7 7. d4 g6 8. Bg5 Bg7
9. Re1 O-O 10. dxe5 Nxe5 11. Nxe5 Bxa4 12. Qxa4 dxe5 13. Nd2 h6 14. Be3 Ng4 15.
Nf1 Nxe3 16. Nxe3 c6 17. Rad1 Qc7 18. h4 h5 19. g4 Qe7 20. gxh5 Qxh4 21. hxg6
fxg6 22. Qc4+ Kh8 23. Qe2 Qxe4 24. Rd7 Rf3 25. Qc4 Qxc4 26. Nxc4 Raf8 27. Nxe5
Bxe5 28. Rxe5 Rxf2 29. Ree7 R8f3 30. Re8+ Rf8 31. Rxf8+ Rxf8 32. Rxb7 Rf5 33. a4
Ra5 34. b3 Rc5 35. c4 Kg8 36. Kf2 g5 37. Kf3 Kf8 38. Ke4 g4 39. Kf4 Ke8 40. Rg7
Kd8 41. Rxg4 Rh5 42. Rg5 Rh3 43. Ke5 Kc7 44. a5 Rxb3 45. Rg7+ Kb8 46. Kd6 Rb4
47. c5 Ra4 48. Kxc6 Rxa5 49. Kd6 Ra1 50. Rg8+ Ka7 51. c6 Rd1+ 52. Kc7 a5 53. Rg6
Rh1 54. Rg7 Rh8 55. Kd6+ Kb6 56. Kd7 a4 57. c7 Kb7 58. Rg4 Rh7+ 59. Kd8 Rh8+ 60.
Kd7 Rh7+ 61. Kd8 Rh8+ 1/2-1/2

[Event "Tata Steel India Rapid"]
[Site "Kolkata IND"]
[Date "2021.11.19"]
[Round "7.3"]
[White "Shankland, Sam"]
[Black "Le, Quang Liem"]
[Result "1-0"]
[WhiteTitle "GM"]
[BlackTitle "GM"]
[WhiteElo "2708"]
[BlackElo "2709"]
[WhiteFideId "2004887"]
[BlackFideId "12401137"]
[EventDate "2021.11.17"]

1. e4 e5 2. Nf3 Nc6 3. Bb5 a6 4. Ba4 Nf6 5. O-O Be7 6. d3 b5 7. Bb3 d6 8. a3 O-O
9. Nc3 Be6 10. Ne2 d5 11. Ng3 h6 12. Bd2 Re8 13. Bc3 Bd6 14. Re1 Qd7 15. exd5
Bxd5 16. Ne4 Nxe4 17. dxe4 Be6 18. Bxe6 Qxe6 19. Qd5 Qxd5 20. exd5 Ne7 21. Bxe5
Bxe5 22. Rxe5 f6 23. Re6 Nxd5 24. Rc6 Rec8 25. Re1 Kf7 26. g3 Ne7 27. Rc5 c6 28.
Nd4 Ra7 29. c3 Rd7 30. h4 Rcc7 31. Ne6 Ra7 32. Re2 Rd6 33. Nd4 Rad7 34. b4 Rd5
35. Nb3 h5 36. Kg2 R7d6 37. Rc2 Ng6 38. c4 Rxc5 39. Nxc5 Ne5 40. Nxa6 Nxc4 41.
a4 Ke7 42. a5 Kd8 43. Nc5 Kc8 44. Re2 Ne5 45. f4 Nd3 46. Re8+ Kc7 47. a6 Kb6 48.
Rb8+ Ka7 49. Rb7+ Ka8 50. Nd7 Rxd7 51. Rxd7 Nxb4 52. Rxg7 Nxa6 53. g4 b4 54.
gxh5 b3 55. Kf3 1-0

[Event "Tata Steel India Rapid"]
[Site "Kolkata IND"]
[Date "2021.11.19"]
[Round "7.5"]
[White "Maghsoodloo, Parham"]
[Black "Praggnanandhaa, R"]
[Result "1/2-1/2"]
[WhiteTitle "GM"]
[BlackTitle "GM"]
[WhiteElo "2706"]
[BlackElo "2610"]
[WhiteFideId "12539929"]
[BlackFideId "25059530"]
[EventDate "2021.11.17"]

1. e4 c5 2. Nf3 Nc6 3. d4 cxd4 4. Nxd4 Nf6 5. Nc3 e5 6. Ndb5 d6 7. Bg5 a6 8. Na3
b5 9. Nd5 Be7 10. Bxf6 Bxf6 11. c3 Rb8 12. Nc2 Bg5 13. g3 O-O 14. h4 Bh6 15. Bh3
Be6 16. Qd3 Qd7 17. Bxe6 fxe6 18. Nde3 Bxe3 19. Nxe3 Rbd8 20. Rd1 Qf7 21. O-O d5
22. exd5 exd5 23. Nxd5 Nd4 24. cxd4 Qxd5 25. Qa3 exd4 26. Qxa6 d3 27. Rd2 h6 28.
Qa3 Kh8 29. Qb3 Qf5 30. Re1 Qc5 31. Qc3 Qa7 32. Re6 Kh7 33. Qe5 Qxa2 34. Re7 Rf7
35. Qe4+ Kg8 36. Re8+ Rf8 37. Rxf8+ Kxf8 38. Qb4+ Kg8 39. Qxb5 Kh8 40. Kg2 Qa8+
41. Kh2 Qe4 42. Qc5 Rd4 43. b3 Kh7 44. Qh5 Kh8 45. Qf7 Kh7 46. h5 Rd8 47. b4 Kh8
48. b5 Rb8 49. Qg6 Qd4 50. Qc6 Kh7 51. Kg2 Kh8 52. Qf3 Qc4 53. b6 Rxb6 54. Rxd3
Rf6 55. Rd8+ Kh7 56. Qa8 Qc6+ 57. Qxc6 Rxc6 58. g4 Rc3 59. f3 Ra3 60. Kg3 Rb3
61. Rf8 Rb4 62. f4 Rb3+ 63. Kh4 Rf3 64. f5 Ra3 65. Re8 Rb3 66. Re6 Rf3 67. Re2
Kg8 68. Rg2 Kf7 69. Rg3 Rf1 70. Ra3 Rg1 71. Kh3 Kf6 72. Ra6+ Kf7 73. Rb6 Ra1 74.
Rg6 Ra3+ 75. Kg2 Ra2+ 76. Kf3 Ra3+ 77. Ke4 Ra4+ 78. Kd5 Ra5+ 79. Ke4 Ra4+ 80.
Kf3 Ra3+ 81. Kf4 Ra4+ 82. Kg3 Ra3+ 83. Kh4 Rf3 84. Ra6 Rb3 85. Rc6 Ra3 86. Rc4
Rf3 87. Rc7+ Kf6 88. Rc6+ Kf7 89. Rg6 Kf8 90. Rd6 Kf7 91. Rd2 Kf6 92. Re2 Kf7
93. Rg2 Kf6 94. Rg3 Rf1 1/2-1/2

[Event "Tata Steel India Rapid"]
[Site "Kolkata IND"]
[Date "2021.11.19"]
[Round "8.1"]
[White "Shankland, Sam"]
[Black "Adhiban, Baskaran"]
[Result "1/2-1/2"]
[WhiteTitle "GM"]
[BlackTitle "GM"]
[WhiteElo "2708"]
[BlackElo "2672"]
[WhiteFideId "2004887"]
[BlackFideId "5018471"]
[EventDate "2021.11.17"]

1. c4 c5 2. g3 g6 3. Bg2 Bg7 4. Nc3 Nc6 5. Nf3 d6 6. O-O Nf6 7. d4 cxd4 8. Nxd4
Bd7 9. Nxc6 Bxc6 10. e4 h5 11. h3 a5 12. Be3 O-O 13. Qd2 a4 14. Rab1 Qa5 15. b4
axb3 16. axb3 Qb4 17. Rfc1 Ra3 18. Qd1 Rfa8 19. Bd2 Qb6 20. b4 Qd8 21. Qe2 Qb8
22. f4 e6 23. Be1 Be8 24. Rc2 Ra1 25. Rxa1 Rxa1 26. Kh2 h4 27. Bf3 hxg3+ 28.
Bxg3 Qa7 29. Nd1 Qa3 30. b5 Nd7 31. Nf2 Nc5 32. e5 dxe5 33. fxe5 Qb3 34. Rd2 Kh7
35. Kg2 Rc1 36. Rd4 Rc3 37. Qd1 Qxd1 38. Nxd1 Rc2+ 39. Nf2 f5 40. exf6 Bxf6 41.
Rg4 e5 42. Bh4 Bxh4 43. Rxh4+ Kg7 44. Kf1 Bf7 45. Be2 Be6 46. Ke1 Rc1+ 47. Kd2
Ra1 48. Nd3 Ra2+ 49. Ke3 Ra3 50. Kd2 Ra2+ 51. Ke3 Ra3 52. Kd2 Ra2+ 53. Ke3 1/2-1/2

[Event "Tata Steel India Rapid"]
[Site "Kolkata IND"]
[Date "2021.11.19"]
[Round "8.2"]
[White "Karthikeyan, Murali"]
[Black "Maghsoodloo, Parham"]
[Result "1-0"]
[WhiteTitle "GM"]
[BlackTitle "GM"]
[WhiteElo "2630"]
[BlackElo "2706"]
[WhiteFideId "5074452"]
[BlackFideId "12539929"]
[EventDate "2021.11.17"]

1. e4 e5 2. Nf3 Nc6 3. Bb5 a6 4. Ba4 Nf6 5. O-O Be7 6. Re1 b5 7. Bb3 d6 8. c3
O-O 9. h3 Re8 10. d4 Bb7 11. a3 Bf8 12. Nbd2 h6 13. Bc2 d5 14. dxe5 Nxe5 15.
Nxe5 Rxe5 16. Nf3 Re8 17. e5 Ne4 18. Bf4 c5 19. a4 f5 20. Qe2 Qb6 21. Red1 Rad8
22. h4 Be7 23. h5 Kh8 24. axb5 axb5 25. Qe3 d4 26. cxd4 cxd4 27. Qe2 Bd5 28. Bd3
Bb3 29. Rdc1 Bc4 30. Bxc4 bxc4 31. Qxc4 Qxb2 32. Ra2 Qb4 33. Qf7 d3 34. Bxh6 Rg8
35. Ra6 Bf8 36. Rcc6 Nd6 37. exd6 gxh6 38. d7 Qf4 39. Rg6 Bg7 40. g3 d2 41. gxf4
d1=Q+ 42. Kh2 1-0

[Event "Tata Steel India Rapid"]
[Site "Kolkata IND"]
[Date "2021.11.19"]
[Round "8.3"]
[White "Vaishali, R"]
[Black "Aronian, Levon"]
[Result "1/2-1/2"]
[WhiteTitle "WGM"]
[BlackTitle "GM"]
[WhiteElo "2405"]
[BlackElo "2782"]
[WhiteFideId "5091756"]
[BlackFideId "13300474"]
[EventDate "2021.11.17"]

1. e4 c5 2. Nf3 d6 3. d4 cxd4 4. Nxd4 Nf6 5. Nc3 a6 6. Qd3 g6 7. Bg5 Bg7 8.
O-O-O Nbd7 9. f4 Qc7 10. Be2 h6 11. Bxf6 Nxf6 12. f5 g5 13. h4 g4 14. Nd5 Nxd5
15. exd5 h5 16. Rhf1 Be5 17. Qe4 Kd8 18. Rd3 Bf6 19. g3 Bd7 20. Rc3 Qb6 21. Rd1
Rc8 22. Rxc8+ Kxc8 23. c3 Kb8 24. Bd3 Rc8 25. Bc2 a5 26. a3 Rc4 27. Nc6+ Rxc6
28. dxc6 Bxc6 29. Qf4 Bf3 30. Rf1 Be5 31. Qg5 Qb5 32. Rg1 Qc5 33. Rf1 d5 34.
Qxh5 d4 35. Rxf3 gxf3 36. Qxf3 dxc3 37. bxc3 Bxc3 38. Qd3 Qxa3+ 39. Kd1 a4 40.
Ke2 Qb2 41. Kf3 a3 42. Bb1 Ba5 43. Qd5 Bc7 44. Ba2 Qc3+ 45. Ke2 Qxg3 46. Qxf7
Qxh4 47. Qg8+ Ka7 48. Qb3 Bd6 49. Qd5 Kb6 50. Kd3 Qg3+ 51. Kc2 Qf2+ 52. Kd3 Qf1+
53. Kd2 Bb4+ 54. Kc2 Qe2+ 55. Kb3 Qb2+ 56. Ka4 Qc3 57. Qb5+ Ka7 58. Qxb4 Qc2+
59. Kxa3 Qxf5 60. Qxe7 Qa5+ 61. Kb2 Qd2+ 62. Kb3 Qd5+ 63. Ka3 Qa5+ 1/2-1/2

[Event "Tata Steel India Rapid"]
[Site "Kolkata IND"]
[Date "2021.11.19"]
[Round "8.4"]
[White "Le, Quang Liem"]
[Black "Praggnanandhaa, R"]
[Result "1/2-1/2"]
[WhiteTitle "GM"]
[BlackTitle "GM"]
[WhiteElo "2709"]
[BlackElo "2610"]
[WhiteFideId "12401137"]
[BlackFideId "25059530"]
[EventDate "2021.11.17"]

1. d4 d5 2. c4 dxc4 3. e4 b5 4. a4 c6 5. Nc3 b4 6. Nb1 Ba6 7. Qc2 Nf6 8. Nd2
Qxd4 9. Ngf3 b3 10. Nxd4 bxc2 11. Nxc2 e6 12. f3 c3 13. bxc3 Bxf1 14. Rxf1 Nbd7
15. Ke2 Bd6 16. g3 Be5 17. Ra3 h5 18. Nc4 h4 19. Bf4 Bb8 20. Bxb8 Rxb8 21. g4
Ke7 22. Nd4 Rhc8 23. Rd1 g5 24. Ra2 Rc7 25. Ke3 Nc5 26. h3 Nfd7 27. f4 gxf4+ 28.
Kxf4 Nf6 29. Ne5 Rbc8 30. Re1 Nfd7 31. Nxd7 Rxd7 32. Kg5 e5 33. Nf5+ Ke6 34. Re3
Rh8 35. Ng7+ Ke7 36. Nh5 Ne6+ 37. Kxh4 Nf4 38. Rf3 f6 39. Raf2 Rd1 40. Kg3 Nxh5+
41. gxh5 Rh6 42. Rb2 Re1 43. Rb4 a5 44. Rb7+ Ke6 45. Rc7 Kd6 46. Rf7 Ke6 47. Rc7
Kd6 48. Ra7 Rxe4 49. Rxa5 Rc4 50. Ra8 e4 51. Rf5 Rxc3+ 52. Kf4 Rxh3 53. Kxe4
R3xh5 54. Rxh5 Rxh5 55. a5 Kc5 56. Rb8 Rh3 57. Rf8 Rh6 58. Rb8 Rh3 59. Rf8 Ra3
60. Rxf6 Kb5 61. a6 c5 62. Rf1 c4 63. Rf5+ Kb4 64. Rf6 Kc5 65. Rf5+ Kb4 66. Rf6
Ra1 67. Kd5 Kb5 68. Kd4 Ra3 69. a7 Rxa7 70. Kc3 Ra3+ 71. Kb2 Rh3 72. Rf8 1/2-1/2

[Event "Tata Steel India Rapid"]
[Site "Kolkata IND"]
[Date "2021.11.19"]
[Round "9.2"]
[White "Adhiban, Baskaran"]
[Black "Le, Quang Liem"]
[Result "0-1"]
[WhiteTitle "GM"]
[BlackTitle "GM"]
[WhiteElo "2672"]
[BlackElo "2709"]
[WhiteFideId "5018471"]
[BlackFideId "12401137"]
[EventDate "2021.11.17"]

1. b3 d5 2. Bb2 Bf5 3. Nf3 e6 4. g3 h6 5. d3 Nf6 6. Nbd2 Bh7 7. Bg2 a5 8. a3 a4
9. b4 c5 10. O-O Nbd7 11. c4 Be7 12. bxc5 Nxc5 13. Rc1 O-O 14. Bxf6 gxf6 15.
cxd5 Qxd5 16. Rc4 Rfc8 17. Rg4+ Kf8 18. Ng5 Qxg5 19. Rxg5 hxg5 20. d4 Nb3 21.
Bxb7 Rc1 22. Qxc1 Nxc1 23. Bxa8 Bxa3 24. Bc6 Nxe2+ 25. Kg2 Bb4 26. Nc4 a3 27.
Ra1 Nxd4 28. Bb7 Nc2 29. Ra2 Bd3 30. Ba6 Ne1+ 31. Kg1 Nf3+ 32. Kg2 Ne5 33. Nxe5
Bxa6 34. Ng4 Bc4 35. Ra1 a2 36. Ne3 Bc3 0-1

[Event "Tata Steel India Rapid"]
[Site "Kolkata IND"]
[Date "2021.11.19"]
[Round "9.3"]
[White "Praggnanandhaa, R"]
[Black "Karthikeyan, Murali"]
[Result "1/2-1/2"]
[WhiteTitle "GM"]
[BlackTitle "GM"]
[WhiteElo "2610"]
[BlackElo "2630"]
[WhiteFideId "25059530"]
[BlackFideId "5074452"]
[EventDate "2021.11.17"]

1. d4 Nf6 2. Nf3 g6 3. c4 Bg7 4. Nc3 O-O 5. e4 d6 6. Be2 e5 7. O-O Na6 8. Be3
Qe7 9. Qc2 Nb4 10. Qd2 c5 11. d5 Ng4 12. Bg5 f6 13. Bh4 Nh6 14. a3 Na6 15. Rab1
Nf7 16. Ne1 Bh6 17. Qd1 Bg5 18. Bg3 f5 19. exf5 Bxf5 20. Nc2 Rae8 21. Re1 h5 22.
f3 Bh4 23. Bxh4 Qxh4 24. Bd3 Ng5 25. Be4 Nb8 26. b4 Nd7 27. Qd3 b6 28. Re2 Bxe4
29. Nxe4 Nxe4 30. Rxe4 Qg5 31. Rbe1 Nf6 32. R4e2 Kh7 33. Qd2 Qxd2 34. Rxd2 Rc8
35. Ne3 Nd7 36. Rc1 Rf4 37. Rf2 Rcf8 38. Rcf1 Kg7 39. g3 Rd4 40. Rd1 Rc8 41.
Rfd2 Ra8 42. Kf2 Rf8 43. Kg2 Nb8 44. bxc5 dxc5 45. a4 Nd7 46. Ra2 Rb8 47. Rb2
Nf6 48. a5 Ne8 49. axb6 axb6 50. Ra1 Nd6 51. Ra7+ Kh6 52. Rc2 Rd3 53. Kf2 b5 54.
Ke2 Rd4 55. Ra6 Nxc4 56. Nf5+ Kg5 57. Ne7 Rb6 58. Rxb6 Nxb6 59. Rxc5 Kf6 60.
Rc6+ Kxe7 61. Rxb6 Rxd5 62. Rxg6 Kd7 63. Ke3 Kc7 64. Ke4 Rd2 65. Kxe5 b4 66. Ra6
b3 67. Ra3 Rd3 68. Ra1 Rxf3 69. Rb1 Kc6 70. Ke4 Rc3 71. Kd4 Rf3 72. Kc4 Rf2 73.
Rxb3 Rxh2 1/2-1/2

[Event "Tata Steel India Rapid"]
[Site "Kolkata IND"]
[Date "2021.11.19"]
[Round "9.4"]
[White "Vidit, Santosh Gujrathi"]
[Black "Shankland, Sam"]
[Result "1/2-1/2"]
[WhiteTitle "GM"]
[BlackTitle "GM"]
[WhiteElo "2727"]
[BlackElo "2708"]
[WhiteFideId "5029465"]
[BlackFideId "2004887"]
[EventDate "2021.11.17"]

1. d4 Nf6 2. c4 g6 3. Nc3 d5 4. cxd5 Nxd5 5. e4 Nxc3 6. bxc3 Bg7 7. Nf3 c5 8.
Be3 Qa5 9. Qd2 O-O 10. Rc1 Rd8 11. h4 cxd4 12. cxd4 Qxd2+ 13. Bxd2 Nd7 14. Bc4
Nb6 15. Bb3 a5 16. a3 a4 17. Ba2 Bxd4 18. h5 Be6 19. Bxe6 fxe6 20. hxg6 hxg6 21.
Rh6 Kg7 22. Rh3 e5 23. Ng5 Rdc8 24. Rh7+ Kg8 25. Rxe7 Rxc1+ 26. Bxc1 Rc8 27. Kd1
Nc4 28. Rxb7 Bxf2 29. Ne6 Be3 30. Bxe3 Nxe3+ 31. Ke2 Nxg2 1/2-1/2

[Event "Tata Steel India Rapid"]
[Site "Kolkata IND"]
[Date "2021.11.19"]
[Round "9.5"]
[White "Maghsoodloo, Parham"]
[Black "Vaishali, R"]
[Result "1-0"]
[WhiteTitle "GM"]
[BlackTitle "WGM"]
[WhiteElo "2706"]
[BlackElo "2405"]
[WhiteFideId "12539929"]
[BlackFideId "5091756"]
[EventDate "2021.11.17"]

1. Nf3 Nf6 2. g3 g6 3. b3 Bg7 4. Bb2 c5 5. Bg2 Nc6 6. O-O d6 7. c4 Bd7 8. Nc3
O-O 9. d4 cxd4 10. Nxd4 Nxd4 11. Qxd4 Bc6 12. Nd5 Ne8 13. Qd2 e6 14. Bxg7 Kxg7
15. Nc3 Qb6 16. Rfd1 Rd8 17. h4 Nf6 18. Qd4 Qxd4 19. Rxd4 Bxg2 20. Kxg2 d5 21.
cxd5 Nxd5 22. Nxd5 Rxd5 23. Rxd5 exd5 24. Rc1 Re8 25. Kf3 Re6 26. Rc7 Ra6 27.
Rc2 Rf6+ 28. Kg2 d4 29. Rd2 Rd6 30. Kf1 Kf6 31. Ke1 Ke6 32. Rc2 d3 33. Rc7 Ra6
34. Rxb7 Rxa2 35. exd3 a5 36. Ra7 h5 37. Kf1 Ra3 38. Ke2 Rxb3 39. Rxa5 Rb2+ 40.
Ke3 Rc2 41. Ra1 Rb2 42. Rd1 Kd5 43. Rd2 Rb7 44. Kf4 Kd4 45. Kg5 Rb5+ 46. Kf6
Rf5+ 47. Kg7 Kc3 48. Re2 Kxd3 49. Re7 Rxf2 50. Rxf7 Rg2 51. Rf3+ Ke4 52. Ra3 Rb2
53. Kxg6 Rb5 54. Kh6 Rc5 55. Ra6 Kf5 56. Kxh5 Rc8 57. g4+ Kf4 58. g5 Rh8+ 59.
Kg6 1-0